Documentos 1969-2014

Saved in:
Bibliographic Details
Corporate Author: Comisión Teológica Internacional (Author)
Format: Book
Language:Spanish
Published: Madrid Biblioteca de Autores Cristianos 2017
Edition:1a. ed
Subjects:
Tags: Add Tag
No Tags, Be the first to tag this record!

MARC

LEADER 00000cam a2200000 a 4500
001 UCC1179
003 CL-VaPUC
008 171006e20170000sp |||||||||||||||||spa|d
020 |a 9788422019466 
082 0 4 |a 230.042  |b COM  |2 21 
110 2 |a Comisión Teológica Internacional  |e author  |9 595223 
245 1 0 |a Documentos 1969-2014 
250 |a 1a. ed 
300 |a 1099 p 
942 |c BK 
945 |d 20171006 11:09:00  |a dcastane 
260 |a Madrid  |b Biblioteca de Autores Cristianos  |c 2017 
650 0 |a Teología cristiana  |9 308336 
650 0 |a Catolicismo  |9 258690 
650 0 |a Iglesia Católica  |9 256114 
650 0 |a Documentos pontificios   |9 255642 
583 |a last modification  |c 20171006 11:09:00  |k Rodrigo Vera 
999 |c 369751  |d 369749 
952 |0 0  |1 0  |3 erd  |4 0  |6 230_042000000000000_COM_2017  |7 0  |8 A  |9 485744  |a BIBTEO  |b BIBTEO  |i 5427614  |o 230.042 COM 2017  |p 5427614  |r 2025-01-17  |w 2019-11-24  |y BK  |z Catalogado en:20171006  |k ICR